[Event "46th Roda Open 2019"]
[Site "La Roda"]
[Date "2019.04.18"]
[Round "3.2"]
[White "Bayo Milagro, Alvaro"]
[Black "Perez Candelario, Manuel"]
[Result "0-1"]
[WhiteElo "2333"]
[BlackElo "2615"]
[Annotator "ChessBase"]
[PlyCount "84"]
[EventDate "2019.04.17"]
[EventType "swiss"]
[EventCountry "ESP"]
[SourceTitle "playchess.com"]
[Source "ChessBase"]
[SourceQuality "1"]
[TimeControl "5400+30"]

1. c4 {[%emt 0:02:47]} e5 {[%emt 0:00:00]} 2. Nc3 {[%emt 0:00:06]} d6 {[%emt 0:00:00]} 3. d4 {[%emt 0:00:14]} exd4 {[%emt 0:02:58]} 4. Qxd4 {[%emt 0:00:12]} Nc6 {[%emt 0:01:20]} 5. Qd2 {[%emt 0:00:05]} Nf6 {[%emt 0:01:08]} 6. b3 {[%emt 0:00:24]} Be6 {[%emt 0:05:38]} 7. e4 {[%emt 0:00:10]} g6 {[%emt 0:03:38]} 8. Bb2 {[%emt 0:00:54]} Bg7 {[%emt 0:00:17]} 9. Bd3 {[%emt 0:01:20]} O-O {[%emt 0:09:41]} 10. Nge2 {[%emt 0:00:39]} Ng4 {[%emt 0:02:28]} 11. f4 {[%emt 0:19:31]} f5 {[%emt 0:10:40]} 12. O-O {[%emt 0:03:10]} Qd7 {[%emt 0:11:37]} 13. Rae1 {[%emt 0:03:11]} Rae8 {[%emt 0:00:28]} 14. Ng3 {[%emt 0:00:31]} Bd4+ {[%emt 0:03:24]} 15. Kh1 {[%emt 0:00:34]} Nxh2 {[%emt 0:07:13]} 16. Kxh2 {[%emt 0:00:16]} Qe7 {[%emt 0:00:48]} 17. Nxf5 {[%emt 0:01:18]} Rxf5 {[%emt 0:01:13]} 18. Kg3 {[%emt 0:01:48]} Rh5 {[%emt 0:06:23]} 19. Rh1 {[%emt 0:00:12]} Qg7 {[%emt 0:07:33]} 20. Nd1 {[%emt 0:02:06]} Rxh1 {[%emt 0:04:09]} 21. Rxh1 {[%emt 0:00:28]} Rf8 {[%emt 0:02:20]} 22. Bxd4 {[%emt 0:02:17]} Nxd4 {[%emt 0:00:06]} 23. Kf2 {[%emt 0:01:32]} Bg4 {[%emt 0:01:26]} 24. Nc3 {[%emt 0:01:17]} Ne6 {[%emt 0:01:53]} 25. g3 {[%emt 0:01:01]} Qd4+ {[%emt 0:02:45]} 26. Ke1 {[%emt 0:00:07]} Re8 {[%emt 0:01:27]} 27. Be2 {[%emt 0:01:16]} Bxe2 {[%emt 0:01:23]} 28. Kxe2 {[%emt 0:00:08]} Qg7 {[%emt 0:00:44]} 29. Kd1 {[%emt 0:09:00]} Nd4 {[%emt 0:00:36]} 30. g4 {[%emt 0:01:57]} c6 {[%emt 0:04:34]} 31. Kc1 {[%emt 0:02:45]} Ne2+ {[%emt 0:02:32]} 32. Kc2 {[%emt 0:00:01]} Nxc3 {[%emt 0:00:29]} 33. Qxc3 {[%emt 0:00:06]} Rxe4 {[%emt 0:00:31]} 34. Qxg7+ {[%emt 0:02:05]} Kxg7 {[%emt 0:00:02]} 35. Rf1 {[%emt 0:00:13]} Re2+ {[%emt 0:01:21]} 36. Kb1 {[%emt 0:01:12]} h5 {[%emt 0:00:46]} 37. gxh5 {[%emt 0:00:45]} gxh5 {[%emt 0:00:04]} 38. a4 {[%emt 0:01:37]} Rg2 {[%emt 0:01:38]} 39. Re1 {[%emt 0:02:48]} h4 {[%emt 0:00:44]} 40. Re7+ {[%emt 0:00:53]} Kg6 {[%emt 0:01:10]} 41. Re6+ {[%emt 0:00:42]} Kh5 {[%emt 0:01:12]} 42. f5 {[%emt 0:00:33]} h3 {[%emt 0:00:15]} 0-1

[Event "46th Roda Open 2019"]
[Site "La Roda"]
[Date "2019.04.18"]
[Round "3.3"]
[White "Buendia Pinar, Alvaro"]
[Black "Forcen Esteban, Daniel"]
[Result "1/2-1/2"]
[WhiteElo "2256"]
[BlackElo "2567"]
[Annotator "ChessBase"]
[PlyCount "71"]
[EventDate "2019.04.17"]
[EventType "swiss"]
[EventCountry "ESP"]
[SourceTitle "playchess.com"]
[Source "ChessBase"]
[SourceQuality "1"]
[TimeControl "5400+30"]

1. d4 {[%emt 0:00:00]} g6 {[%emt 0:00:44]} 2. Nf3 {[%emt 0:00:37]} Bg7 {[%emt 0:00:30]} 3. g3 {[%emt 0:00:34]} f5 {[%emt 0:00:32]} 4. Bg2 {[%emt 0:00:47]} Nf6 {[%emt 0:00:45]} 5. O-O {[%emt 0:00:31]} O-O {[%emt 0:00:05]} 6. Nc3 {[%emt 0:00:30]} d6 {[%emt 0:18:54]} 7. Qd3 {[%emt 0:00:29]} Nc6 {[%emt 0:05:51]} 8. e4 {[%emt 0:00:25]} e5 {[%emt 0:16:26]} 9. dxe5 {[%emt 0:02:23]} Nxe5 {[%emt 0:06:49]} 10. Nxe5 {[%emt 0:00:13]} dxe5 {[%emt 0:00:06]} 11. Qc4+ {[%emt 0:02:13]} Kh8 {[%emt 0:02:40]} 12. Be3 {[%emt 0:14:21]} c6 {[%emt 0:05:43]} 13. Bc5 {[%emt 0:03:09]} Re8 {[%emt 0:01:02]} 14. Rad1 {[%emt 0:01:17]} Bd7 {[%emt 0:06:26]} 15. exf5 {[%emt 0:08:20]} gxf5 {[%emt 0:00:36]} 16. Bh3 {[%emt 0:01:32]} Qc8 {[%emt 0:00:52]} 17. Qh4 {[%emt 0:00:31]} Nd5 {[%emt 0:11:53]} 18. Nxd5 {[%emt 0:14:20]} cxd5 {[%emt 0:00:23]} 19. Be3 {[%emt 0:01:58]} Qc6 {[%emt 0:05:48]} 20. Bg2 {[%emt 0:01:06]} Qg6 {[%emt 0:04:40]} 21. Bf3 {[%emt 0:25:19]} Bf6 {[%emt 0:08:44]} 22. Qh3 {[%emt 0:01:52]} Re7 {[%emt 0:00:46]} 23. Rxd5 {[%emt 0:01:21]} Be6 {[%emt 0:00:30]} 24. Rd6 {[%emt 0:00:53]} Rg8 {[%emt 0:00:40]} 25. Rxe6 {[%emt 0:03:53]} Rxe6 {[%emt 0:00:05]} 26. Bd5 {[%emt 0:00:41]} Rd6 {[%emt 0:00:37]} 27. Bxg8 {[%emt 0:00:34]} Kxg8 {[%emt 0:00:03]} 28. Re1 {[%emt 0:02:31]} b6 {[%emt 0:00:37]} 29. Qf1 {[%emt 0:02:37]} f4 {[%emt 0:00:44]} 30. Qc4+ {[%emt 0:00:17]} Kh8 {[%emt 0:00:42]} 31. Bc1 {[%emt 0:00:50]} Qh5 {[%emt 0:00:32]} 32. Qe4 {[%emt 0:04:31]} Rd4 {[%emt 0:00:26]} 33. Qa8+ {[%emt 0:00:11]} Rd8 {[%emt 0:00:06]} 34. Qe4 {[%emt 0:00:12]} Rd4 {[%emt 0:00:28]} 35. Qa8+ {[%emt 0:00:05]} Rd8 {[%emt 0:00:42]} 36. Qe4 {[%emt 0:00:25]} 1/2-1/2

[Event "46th Roda Open 2019"]
[Site "La Roda"]
[Date "2019.04.18"]
[Round "3.4"]
[White "Solodovnichenko, Yuri"]
[Black "Ramiro Ovejero, Juan Luis"]
[Result "1-0"]
[WhiteElo "2554"]
[BlackElo "2337"]
[Annotator "ChessBase"]
[PlyCount "59"]
[EventDate "2019.04.17"]
[EventType "swiss"]
[EventCountry "ESP"]
[SourceTitle "playchess.com"]
[Source "ChessBase"]
[SourceQuality "1"]
[TimeControl "5400+30"]

1. e4 {[%emt 0:00:00]} e6 {[%emt 0:00:00]} 2. d4 {[%emt 0:00:00]} d5 {[%emt 0:00:23]} 3. Nc3 {[%emt 0:00:00]} Nf6 {[%emt 0:00:08]} 4. e5 {[%emt 0:00:12]} Nfd7 {[%emt 0:00:06]} 5. Nce2 {[%emt 0:00:06]} c5 {[%emt 0:00:20]} 6. c3 {[%emt 0:00:05]} Nc6 {[%emt 0:00:20]} 7. Nf3 {[%emt 0:00:16]} b5 {[%emt 0:05:24]} 8. a3 {[%emt 0:01:03]} Rb8 {[%emt 0:04:50]} 9. Nf4 {[%emt 0:04:33]} Be7 {[%emt 0:01:07]} 10. h4 {[%emt 0:02:55]} cxd4 {[%emt 0:11:02]} 11. cxd4 {[%emt 0:00:17]} b4 {[%emt 0:00:17]} 12. Bd3 {[%emt 0:09:40]} bxa3 {[%emt 0:01:29]} 13. bxa3 {[%emt 0:00:07]} Ba6 {[%emt 0:01:01]} 14. Bxa6 {[%emt 0:13:39]} Qa5+ {[%emt 0:00:11]} 15. Kf1 {[%emt 0:00:32]} Qxa6+ {[%emt 0:00:04]} 16. Kg1 {[%emt 0:00:06]} O-O {[%emt 0:04:51]} 17. Rh3 {[%emt 0:04:23]} Bd8 {[%emt 0:04:33]} 18. Nh5 {[%emt 0:05:50]} Ne7 {[%emt 0:09:35]} 19. Bg5 {[%emt 0:31:28]} Ng6 {[%emt 0:16:47]} 20. Rg3 {[%emt 0:01:45]} Rb2 {[%emt 0:00:52]} 21. Bc1 {[%emt 0:02:52]} Re2 {[%emt 0:03:37]} 22. Be3 {[%emt 0:04:30]} Ba5 {[%emt 0:05:03]} 23. Nxg7 {[%emt 0:03:22]} Kxg7 {[%emt 0:00:16]} 24. h5 {[%emt 0:00:03]} Rc8 {[%emt 0:11:32]} 25. Rc1 {[%emt 0:00:51]} Ra2 {[%emt 0:12:33]} 26. hxg6 {[%emt 0:01:15]} hxg6 {[%emt 0:00:06]} 27. Rh3 {[%emt 0:02:38]} Rxc1 {[%emt 0:03:21]} 28. Qxc1 {[%emt 0:00:17]} Bd8 {[%emt 0:00:48]} 29. Bh6+ {[%emt 0:02:18]} Kg8 {[%emt 0:00:04]} 30. Bg7 {[%emt 0:00:16]} 1-0

[Event "46th Roda Open 2019"]
[Site "La Roda"]
[Date "2019.04.18"]
[Round "3.5"]
[White "Gimenez Menchon, Cesar"]
[Black "Grigoryan, Karen H."]
[Result "0-1"]
[WhiteElo "2249"]
[BlackElo "2545"]
[Annotator "ChessBase"]
[PlyCount "106"]
[EventDate "2019.04.17"]
[EventType "swiss"]
[EventCountry "ESP"]
[SourceTitle "playchess.com"]
[Source "ChessBase"]
[SourceQuality "1"]
[TimeControl "5400+30"]

1. e4 {[%emt 0:00:00]} e5 {[%emt 0:00:12]} 2. Nf3 {[%emt 0:00:00]} Nc6 {[%emt 0:00:08]} 3. Bc4 {[%emt 0:01:36]} Nf6 {[%emt 0:00:16]} 4. d4 {[%emt 0:00:51]} exd4 {[%emt 0:00:33]} 5. e5 {[%emt 0:00:11]} d5 {[%emt 0:00:06]} 6. Bb5 {[%emt 0:00:05]} Ne4 {[%emt 0:00:09]} 7. Nxd4 {[%emt 0:00:07]} Bd7 {[%emt 0:00:06]} 8. Bxc6 {[%emt 0:00:09]} bxc6 {[%emt 0:00:06]} 9. Be3 {[%emt 0:02:52]} c5 {[%emt 0:09:24]} 10. Nb3 {[%emt 0:09:47]} d4 {[%emt 0:03:03]} 11. Bf4 {[%emt 0:04:46]} Ng5 {[%emt 0:02:49]} 12. O-O {[%emt 0:02:49]} Ne6 {[%emt 0:01:41]} 13. Bg3 {[%emt 0:03:55]} h5 {[%emt 0:01:58]} 14. h3 {[%emt 0:00:29]} h4 {[%emt 0:00:25]} 15. Bh2 {[%emt 0:00:04]} Bb5 {[%emt 0:04:00]} 16. Re1 {[%emt 0:03:02]} c4 {[%emt 0:01:00]} 17. a4 {[%emt 0:05:10]} Bc6 {[%emt 0:00:56]} 18. N3d2 {[%emt 0:09:11]} Qd5 {[%emt 0:04:24]} 19. f3 {[%emt 0:09:40]} Rb8 {[%emt 0:04:37]} 20. b3 {[%emt 0:11:52]} d3 {[%emt 0:07:24]} 21. Kh1 {[%emt 0:04:40]} dxc2 {[%emt 0:01:36]} 22. Qxc2 {[%emt 0:00:07]} cxb3 {[%emt 0:00:43]} 23. Qb2 {[%emt 0:07:53]} Bb4 {[%emt 0:10:52]} 24. Nc3 {[%emt 0:02:37]} Qd3 {[%emt 0:02:13]} 25. Rec1 {[%emt 0:02:01]} Nd4 {[%emt 0:03:34]} 26. Nxb3 {[%emt 0:04:04]} Nxb3 {[%emt 0:12:19]} 27. Qxb3 {[%emt 0:00:09]} Bxf3 {[%emt 0:00:57]} 28. Qc2 {[%emt 0:04:48]} Qxc3 {[%emt 0:09:53]} 29. Qxc3 {[%emt 0:00:27]} Bxc3 {[%emt 0:00:06]} 30. Rxc3 {[%emt 0:00:36]} Bd5 {[%emt 0:00:22]} 31. Rxc7 {[%emt 0:00:38]} Rb2 {[%emt 0:02:02]} 32. Rd1 {[%emt 0:08:56]} Bxg2+ {[%emt 0:00:50]} 33. Kg1 {[%emt 0:00:04]} Bxh3 {[%emt 0:00:36]} 34. e6 {[%emt 0:02:18]} Rg2+ {[%emt 0:11:46]} 35. Kh1 {[%emt 0:00:06]} Rxh2+ {[%emt 0:00:04]} 36. Kxh2 {[%emt 0:00:05]} Bxe6 {[%emt 0:00:04]} 37. Rxa7 {[%emt 0:01:05]} O-O {[%emt 0:00:05]} 38. Rd4 {[%emt 0:00:49]} h3 {[%emt 0:00:06]} 39. Ra5 {[%emt 0:00:37]} Rc8 {[%emt 0:00:17]} 40. Rd2 {[%emt 0:00:24]} Rc4 {[%emt 0:00:32]} 41. Ra8+ {[%emt 0:00:46]} Kh7 {[%emt 0:00:04]} 42. a5 {[%emt 0:00:15]} Ra4 {[%emt 0:00:26]} 43. a6 {[%emt 0:00:33]} g5 {[%emt 0:01:53]} 44. a7 {[%emt 0:00:15]} g4 {[%emt 0:00:09]} 45. Rdd8 {[%emt 0:00:51]} Kg6 {[%emt 0:00:30]} 46. Kg3 {[%emt 0:00:40]} Kf5 {[%emt 0:00:26]} 47. Rh8 {[%emt 0:00:33]} Ra3+ {[%emt 0:00:10]} 48. Kf2 {[%emt 0:00:20]} Kf4 {[%emt 0:01:09]} 49. Rh6 {[%emt 0:00:35]} g3+ {[%emt 0:00:40]} 50. Ke2 {[%emt 0:00:15]} Bg4+ 51. Kd2 {[%emt 0:00:05]} g2 {[%emt 0:00:32]} 52. Rf6+ {[%emt 0:01:10]} Kg3 {[%emt 0:00:15]} 53. Rg8 {[%emt 0:00:41]} Rxa7 {[%emt 0:00:37]} 0-1

[Event "46th Roda Open 2019"]
[Site "La Roda"]
[Date "2019.04.18"]
[Round "3.6"]
[White "Ibarra Jerez, Jose Carlos"]
[Black "Gavarrete, Nahun"]
[Result "1-0"]
[WhiteElo "2542"]
[BlackElo "2324"]
[Annotator "ChessBase"]
[PlyCount "57"]
[EventDate "2019.04.17"]
[EventType "swiss"]
[EventCountry "ESP"]
[SourceTitle "playchess.com"]
[Source "ChessBase"]
[SourceQuality "1"]
[TimeControl "5400+30"]

1. e4 {[%emt 0:00:00]} c5 {[%emt 0:00:00]} 2. Ne2 {[%emt 0:01:06]} Nc6 {[%emt 0:00:13]} 3. d4 {[%emt 0:01:34]} cxd4 {[%emt 0:00:10]} 4. Nxd4 {[%emt 0:00:08]} Nf6 {[%emt 0:00:10]} 5. Nc3 {[%emt 0:00:59]} d6 {[%emt 0:02:21]} 6. Bg5 {[%emt 0:02:01]} e6 {[%emt 0:00:47]} 7. Qd2 {[%emt 0:00:30]} a6 {[%emt 0:01:32]} 8. O-O-O {[%emt 0:01:40]} Bd7 {[%emt 0:00:33]} 9. f3 {[%emt 0:01:01]} Be7 {[%emt 0:00:36]} 10. h4 {[%emt 0:00:40]} h6 {[%emt 0:01:33]} 11. Be3 {[%emt 0:00:07]} h5 {[%emt 0:00:09]} 12. Bg5 {[%emt 0:02:02]} Qc7 {[%emt 0:09:34]} 13. Kb1 {[%emt 0:01:39]} Nxd4 {[%emt 0:00:18]} 14. Qxd4 {[%emt 0:00:12]} b5 {[%emt 0:00:18]} 15. Ne2 {[%emt 0:10:44]} a5 {[%emt 0:11:09]} 16. Ng3 {[%emt 0:05:22]} a4 {[%emt 0:18:11]} 17. Bd2 {[%emt 0:10:27]} a3 {[%emt 0:05:35]} 18. b3 {[%emt 0:00:59]} O-O {[%emt 0:05:42]} 19. Bb4 {[%emt 0:02:48]} Rfc8 {[%emt 0:00:17]} 20. Qd2 {[%emt 0:01:56]} Bc6 {[%emt 0:06:46]} 21. Rh3 {[%emt 0:06:25]} d5 {[%emt 0:00:41]} 22. Bxe7 {[%emt 0:01:35]} Qxe7 {[%emt 0:00:04]} 23. e5 {[%emt 0:02:12]} Nd7 {[%emt 0:00:18]} 24. Nxh5 {[%emt 0:04:29]} Nxe5 {[%emt 0:12:41]} 25. Qd4 {[%emt 0:04:53]} Qc7 {[%emt 0:00:10]} 26. f4 {[%emt 0:10:12]} Be8 {[%emt 0:00:15]} 27. Rc1 {[%emt 0:01:09]} f6 {[%emt 0:00:50]} 28. fxe5 {[%emt 0:00:41]} Bxh5 {[%emt 0:00:22]} 29. exf6 {[%emt 0:00:20]} 1-0

[Event "46th Roda Open 2019"]
[Site "La Roda"]
[Date "2019.04.18"]
[Round "3.7"]
[White "Lopez Quevedo, Eduardo"]
[Black "Maiorov, Nikita"]
[Result "1/2-1/2"]
[WhiteElo "2209"]
[BlackElo "2540"]
[Annotator "ChessBase"]
[PlyCount "113"]
[EventDate "2019.04.17"]
[EventType "swiss"]
[EventCountry "ESP"]
[SourceTitle "playchess.com"]
[Source "ChessBase"]
[SourceQuality "1"]
[TimeControl "5400+30"]

1. e4 {[%emt 0:00:00]} e5 {[%emt 0:04:48]} 2. Nf3 {[%emt 0:00:00]} Nc6 {[%emt 0:00:15]} 3. Bb5 {[%emt 0:00:10]} a6 {[%emt 0:00:05]} 4. Ba4 {[%emt 0:00:09]} Nf6 {[%emt 0:00:04]} 5. O-O {[%emt 0:00:11]} Be7 {[%emt 0:00:05]} 6. Re1 {[%emt 0:00:27]} b5 {[%emt 0:00:12]} 7. Bb3 {[%emt 0:00:10]} d6 {[%emt 0:00:03]} 8. c3 {[%emt 0:00:51]} O-O {[%emt 0:00:07]} 9. h3 {[%emt 0:00:56]} Nb8 {[%emt 0:00:07]} 10. d4 {[%emt 0:01:27]} Nbd7 {[%emt 0:00:05]} 11. Nbd2 {[%emt 0:01:09]} Bb7 {[%emt 0:00:13]} 12. Bc2 {[%emt 0:00:29]} Re8 {[%emt 0:00:06]} 13. Nf1 {[%emt 0:01:17]} Bf8 {[%emt 0:00:08]} 14. Ng3 {[%emt 0:00:20]} g6 {[%emt 0:00:08]} 15. Bg5 {[%emt 0:01:10]} Bg7 {[%emt 0:04:48]} 16. a4 {[%emt 0:10:43]} Qe7 {[%emt 0:02:05]} 17. Bd3 {[%emt 0:04:01]} c6 {[%emt 0:00:07]} 18. Qc1 {[%emt 0:08:48]} Qf8 {[%emt 0:00:41]} 19. dxe5 {[%emt 0:07:52]} dxe5 {[%emt 0:00:28]} 20. b4 {[%emt 0:01:03]} Nb6 {[%emt 0:11:26]} 21. Be3 {[%emt 0:07:06]} Nfd7 {[%emt 0:00:46]} 22. a5 {[%emt 0:08:13]} Nc8 {[%emt 0:00:50]} 23. c4 {[%emt 0:02:58]} Rd8 {[%emt 0:11:10]} 24. c5 {[%emt 0:09:49]} Ne7 {[%emt 0:04:53]} 25. Ra3 {[%emt 0:04:16]} Qe8 {[%emt 0:01:14]} 26. Bb1 {[%emt 0:02:18]} f6 {[%emt 0:04:00]} 27. Ba2+ {[%emt 0:02:42]} Kh8 {[%emt 0:00:04]} 28. Rd3 {[%emt 0:00:42]} Nf8 {[%emt 0:00:13]} 29. Red1 {[%emt 0:01:17]} Rxd3 {[%emt 0:02:34]} 30. Rxd3 {[%emt 0:00:05]} Bc8 {[%emt 0:01:39]} 31. Rd6 {[%emt 0:01:54]} Ng8 {[%emt 0:01:38]} 32. Qd2 {[%emt 0:01:52]} Be6 {[%emt 0:02:26]} 33. Bxe6 {[%emt 0:01:43]} Nxe6 {[%emt 0:00:04]} 34. Qa2 {[%emt 0:01:47]} Nc7 {[%emt 0:01:03]} 35. Qd2 {[%emt 0:00:13]} Bf8 {[%emt 0:01:43]} 36. Rd7 {[%emt 0:02:45]} Ne6 {[%emt 0:00:20]} 37. Rb7 {[%emt 0:00:48]} Rd8 {[%emt 0:01:11]} 38. Qb2 {[%emt 0:00:47]} Rd1+ {[%emt 0:08:43]} 39. Kh2 {[%emt 0:00:07]} Qc8 {[%emt 0:00:35]} 40. Rb6 {[%emt 0:01:58]} Rd8 {[%emt 0:02:09]} 41. Bd2 {[%emt 0:01:24]} Bg7 {[%emt 0:03:00]} 42. Bc3 {[%emt 0:00:49]} Ne7 {[%emt 0:03:24]} 43. Nf1 {[%emt 0:00:59]} Nc7 {[%emt 0:03:26]} 44. Nxe5 {[%emt 0:02:41]} fxe5 {[%emt 0:00:46]} 45. Bxe5 {[%emt 0:00:03]} Ne8 {[%emt 0:01:10]} 46. Ne3 {[%emt 0:02:50]} Qe6 {[%emt 0:00:58]} 47. Bxg7+ {[%emt 0:00:45]} Nxg7 {[%emt 0:00:05]} 48. Rxa6 {[%emt 0:00:54]} Nc8 {[%emt 0:01:42]} 49. Ra8 {[%emt 0:01:13]} Qxe4 {[%emt 0:06:02]} 50. Ng4 {[%emt 0:03:00]} Qf4+ {[%emt 0:04:11]} 51. g3 {[%emt 0:00:28]} Qf7 {[%emt 0:03:19]} 52. a6 {[%emt 0:02:12]} Rf8 {[%emt 0:01:47]} 53. Rb8 {[%emt 0:00:51]} h5 {[%emt 0:01:02]} 54. Rb7 {[%emt 0:00:16]} hxg4 {[%emt 0:01:42]} 55. Rxf7 {[%emt 0:00:21]} Rxf7 {[%emt 0:00:03]} 56. Qd4 {[%emt 0:01:27]} Kh7 {[%emt 0:01:53]} 57. Qxg4 {[%emt 0:00:41]} 1/2-1/2

[Event "46th Roda Open 2019"]
[Site "La Roda"]
[Date "2019.04.18"]
[Round "3.8"]
[White "Sivuk, Vitaly"]
[Black "Cabezas Ayala, Ivan"]
[Result "1-0"]
[WhiteElo "2523"]
[BlackElo "2312"]
[Annotator "ChessBase"]
[PlyCount "61"]
[EventDate "2019.04.17"]
[EventType "swiss"]
[EventCountry "ESP"]
[SourceTitle "playchess.com"]
[Source "ChessBase"]
[SourceQuality "1"]
[TimeControl "5400+30"]

1. d4 {[%emt 0:00:00]} Nf6 {[%emt 0:00:00]} 2. c4 {[%emt 0:00:00]} g6 {[%emt 0:00:00]} 3. Nc3 {[%emt 0:00:00]} Bg7 {[%emt 0:00:00]} 4. e4 {[%emt 0:00:03]} d6 {[%emt 0:00:00]} 5. Nf3 {[%emt 0:00:08]} O-O 6. Be2 e5 {[%emt 0:01:30]} 7. O-O {[%emt 0:00:39]} Na6 {[%emt 0:01:01]} 8. Be3 {[%emt 0:00:20]} Ng4 {[%emt 0:00:56]} 9. Bg5 {[%emt 0:00:09]} Qe8 {[%emt 0:01:08]} 10. Re1 {[%emt 0:00:30]} exd4 {[%emt 0:04:17]} 11. Nxd4 {[%emt 0:00:05]} Qe5 {[%emt 0:00:57]} 12. Nf3 {[%emt 0:00:08]} Qc5 {[%emt 0:00:14]} 13. Bh4 {[%emt 0:00:05]} Be6 {[%emt 0:02:25]} 14. Rc1 {[%emt 0:00:07]} Bh6 {[%emt 0:11:31]} 15. h3 {[%emt 0:16:15]} Ne5 {[%emt 0:02:04]} 16. Bf6 {[%emt 0:02:30]} Nxf3+ {[%emt 0:01:11]} 17. Bxf3 {[%emt 0:01:05]} Bg7 {[%emt 0:02:17]} 18. e5 {[%emt 0:09:42]} dxe5 {[%emt 0:03:15]} 19. Rxe5 {[%emt 0:00:48]} Qd6 {[%emt 0:12:35]} 20. Bxg7 {[%emt 0:04:17]} Kxg7 {[%emt 0:00:45]} 21. Qxd6 {[%emt 0:00:17]} cxd6 {[%emt 0:00:03]} 22. Re3 {[%emt 0:00:56]} Nc5 {[%emt 0:05:06]} 23. b4 {[%emt 0:02:45]} Nd7 {[%emt 0:00:12]} 24. Nb5 {[%emt 0:00:45]} a5 {[%emt 0:04:12]} 25. Bxb7 {[%emt 0:16:36]} Rab8 {[%emt 0:03:32]} 26. Nxd6 {[%emt 0:01:14]} axb4 {[%emt 0:00:05]} 27. Rxe6 {[%emt 0:03:13]} fxe6 {[%emt 0:00:45]} 28. c5 {[%emt 0:00:04]} Nxc5 {[%emt 0:03:43]} 29. Rxc5 {[%emt 0:00:09]} Rbd8 {[%emt 0:00:45]} 30. Ne4 {[%emt 0:04:42]} Rf7 31. Bc8 {[%emt 0:05:41]} 1-0

[Event "46th Roda Open 2019"]
[Site "La Roda"]
[Date "2019.04.19"]
[Round "4.1"]
[White "Predke, Alexandr"]
[Black "Espinosa Aranda, Angel"]
[Result "1/2-1/2"]
[WhiteElo "2619"]
[BlackElo "2482"]
[Annotator "TA"]
[PlyCount "29"]
[EventDate "2019.04.17"]
[EventType "swiss"]
[EventCountry "ESP"]
[SourceTitle "playchess.com"]
[Source "ChessBase"]
[SourceQuality "1"]

{[%evp 12,29,23,12,14,14,4,4,27,25,24,27,28,21,45,22,26,16,21,0]} 1. Nf3 Nf6 2. g3 g6 3. d4 Bg7 4. Bg2 O-O 5. O-O d6 6. Nc3 d5 7. Re1 Bf5 {A49: 1 d4 Nf6 2 Nf3 g6 3 g3: Anti-King's Indian systems} (7... Ne4 8. Nxe4 dxe4 9. Ng5 Qxd4 10. Qxd4 Bxd4 11. Nxe4 Nd7 12. c3 Be5 13. Be3 Nb6 14. Bd4 Bg7 15. b3 a5 16. Red1 a4 17. b4 a3 18. f4 Nc4 19. Kf2 e5 20. fxe5 Nxe5 21. h3 {½-½ (21) Ivanchuk,V (2720)-Smirin,I (2658) Ashdod 2015}) 8. Nh4 Be6 9. e4 dxe4 10. Nxe4 Bd5 $146 ({Predecessor:} 10... Nxe4 11. Bxe4 c6 12. c3 Nd7 13. Bg2 Bd5 14. Bf1 b5 15. b3 {½-½ (33) Pfreundt,J (2399)-Karthikeyan,M (2609) Biel 2018}) 11. Nxf6+ Bxf6 12. Nf3 Nd7 13. Bh6 Re8 14. c3 c5 15. dxc5 1/2-1/2

[Event "46th Roda Open 2019"]
[Site "La Roda"]
[Date "2019.04.19"]
[Round "4.2"]
[White "Perez Candelario, Manuel"]
[Black "Tejedor Fuente, Enrique"]
[Result "1-0"]
[WhiteElo "2615"]
[BlackElo "2429"]
[Annotator "TA"]
[PlyCount "113"]
[EventDate "2019.04.17"]
[EventType "swiss"]
[EventCountry "ESP"]
[SourceTitle "playchess.com"]
[Source "ChessBase"]
[SourceQuality "1"]

{[%evp 25,113,27,31,41,33,18,16,6,6,-8,0,0,0,0,0,0,4,4,4,5,6,7,15,7,18,0,5,0,47,61,54,63,63,61,55,53,54,53,77,77,80,75,48,46,93,62,75,71,35,37,162,167,190,170,188,47,222,200,402,389,406,390,530,530,530,516,506,530,523,518,513,506,501,224,927,829,797,787,731,703,1025,516,29975,4614,29982,29983,29984,29985,29985,29986]} 1. e4 c5 2. Nf3 Nc6 3. d4 cxd4 4. Nxd4 Nf6 5. Nc3 e6 6. Ndb5 Bb4 7. a3 Bxc3+ 8. Nxc3 d5 9. exd5 exd5 10. Bd3 O-O 11. O-O d4 12. Ne2 Bg4 13. Bg5 Qd6 14. Qd2 {B45: Sicilian Four Knights} Bxe2 15. Qxe2 Rfe8 16. Qf3 {The position is equal.} Ne5 17. Qf4 Nh5 18. Qe4 Nxd3 19. Qxd3 h6 (19... Nf4 20. Bxf4 Qxf4 21. Rfe1 g6 22. g3 Qf6 23. Rad1 Rxe1+ 24. Rxe1 Rc8 25. Re4 Kg7 26. Qxd4 Qxd4 27. Rxd4 Rxc2 28. b4 {½-½ (28) Brkic,A (2598)-Martinovic,S (2589) Jahorina 2018}) 20. Bd2 Nf4 $132 {[%mdl 2048] Black is not keeping still} 21. Bxf4 Qxf4 22. Rfe1 Qc7 $146 ({Predecessor:} 22... Re5 23. g3 Qf6 24. Rxe5 {½-½ (24) Petrukhin,D (2417)-Raetsky,A (2420) Sochi 2007}) 23. g3 Qb6 24. b3 Qc6 25. a4 Rac8 26. h4 h5 27. Qxd4 Qxc2 28. Qd7 Qc6 29. Rxe8+ Rxe8 30. Qxc6 bxc6 $14 {[%mdl 4096] Endgame KR-KR} 31. Rc1 Rc8 32. Rc5 g6 33. Kf1 Kf8 34. Ke2 Ke7 35. Ra5 Rc7 36. Kd3 Kd6 37. b4 Rb7 {[#]} (37... Re7 $1 $14) 38. Kc4 $1 $18 Re7 39. Ra6 Rc7 {[#]} 40. Kd4 (40. f3 $1 $18) 40... Kd7 $2 (40... Rd7 $1 $14) 41. Kc5 Rb7 $2 (41... f6 {is a better defense.} 42. f3 g5) 42. f3 Rc7 43. a5 f6 44. f4 f5 45. b5 cxb5+ 46. Kxb5 Rb7+ 47. Kc5 Rc7+ 48. Kd4 Rc6 49. Rxa7+ (49. Rxc6 $142 {Ra6 would kill now.} Kxc6 50. Ke5) 49... Ke6 $2 (49... Kc8 50. Rg7 Re6) 50. Rb7 Rd6+ 51. Kc4 {Rb6 is the strong threat.} Rc6+ 52. Kb5 Rc3 53. Rb6+ Kf7 (53... Kd5 $18 54. Rxg6 Rb3+ 55. Ka4 Rb1) 54. a6 {[%cal Ba5a6,Ba6a7][%mdl 32]} Rb3+ 55. Kc6 {White mates.} Rxg3 56. a7 Ra3 57. Kb7 {Accuracy: White = 71%, Black = 43%.} 1-0